| 000 | 00543nam a2200181 i 4500 | ||
|---|---|---|---|
| 001 | 101356 | ||
| 003 | ES-MaACL | ||
| 005 | 20230906182900.0 | ||
| 007 | t| | ||
| 008 | 051018s1967 sp ||||1| spa d | ||
| 100 | 1 |
_aMayor Izquierdo, Leonardo. _979411 |
|
| 245 | 1 | 3 |
_aLa cruz de Caravaca / _cLeonardo Mayor Izquierdo. |
| 250 | _a2ª ed. | ||
| 260 |
_aCaravaca (Murcia) : _b[s.n.], _c1967 ( _fImp. Héroes) |
||
| 300 |
_a104 p. : _bil. ; _c16 cm. |
||
| 650 | 4 |
_aCruz de Caravaca- _xHistoria. _9152305 |
|
| 852 |
_aES-MaACL _jC-34516 _bR.64922 |
||
| 999 |
_c101356 _d101356 |
||